000 00494pam a2200205 i 4500
001 4598758
005 20180207070617.0
008 761208s1977 maua 001 0 eng
010 _a 76030502
020 _a0871502313
040 _aDLC
_cDLC
_dDLC
041 _aeng
080 _a512.1 SWO
082 0 0 _a512.1 SWO
100 1 _a36
101 _aMAT
245 1 0 _aFunctions and graphs /
_cEarl W. Swokowski.
906 _a7
_bcbc
_corignew
_d1
_eocip
_f19
_gy-gencatlg
942 _2ddc
_cBK
999 _c42013
_d42013